000 00664nam a2200217Ia 4500
005 20231125132336.0
008 131103s9999 xx 000 0 und d
040 _aLoreto College
041 _aEnglish
082 _a759.4
_bCEZ- RAY
100 _aRaynal,Maurice
245 _aCEZANNE
_cMaurice Raynal;translated by James Emmons
_bBiographical and critical studies
260 _a[s.l.]
_bSkira
_c[19 - ?]
300 _a139 p.
_b illus.
504 _aIncludes bibliographical references and index
650 _aCezanne,Paul,1939 - 1906 - Criticism and Interpretation
651 _aPainting
700 _aEmmons,James,tr.
850 _aLCLIB
942 _cBK
999 _c17426
_d67905